| Tag |
First Indicator |
Second Indicator |
Subfields |
| LEADER |
00000cam a2200000 4500 |
| 001 |
in00000061143 |
| 005 |
20151008051628.0 |
| 008 |
750929s1959 enka 00010ceng |
| 010 |
|
|
|a 60000183
|
| 035 |
|
|
|a (OCoLC)01662286
|
| 035 |
|
|
|9 AAG9067AM
|
| 040 |
|
|
|a DLC
|c CIN
|d TXA
|d UtOrBLW
|
| 049 |
|
|
|a TXAM
|c [315882]
|
| 082 |
0 |
|
|a 364.152
|
| 090 |
|
|
|a DA670.G4
|b C5
|
| 092 |
|
|
|a 364.152
|b C593c
|
| 100 |
1 |
|
|a Clark, G. N.
|q (George Norman),
|c Sir,
|d 1890-1979.
|
| 245 |
1 |
4 |
|a The Campden wonder /
|c Edited by Sir George Clark, with chapters by the late Viscont Maugham and D. Russell Davis.
|
| 264 |
|
1 |
|a London,
|a New York :
|b Oxford University Press,
|c 1959.
|
| 300 |
|
|
|a 155 pages :
|b illustrations ;
|c 21 cm.
|
| 336 |
|
|
|a text
|b txt
|2 rdacontent
|
| 337 |
|
|
|a unmediated
|b n
|2 rdamedia
|
| 338 |
|
|
|a volume
|b nc
|2 rdacarrier
|
| 600 |
1 |
0 |
|a Perry, Joan.
|
| 600 |
1 |
0 |
|a Perry, John,
|c servant to Wm. Harrison, gent.
|
| 600 |
1 |
0 |
|a Perry, Richard,
|c of Campden, Glocestershire.
|
| 600 |
1 |
0 |
|a Harrison, William,
|c steward to Lady Campden.
|
| 650 |
|
0 |
|a Trials (Murder)
|z England.
|
| 999 |
|
|
|a MARS
|
| 999 |
f |
f |
|s f20ad719-980d-3a82-bdeb-dc0942c27b76
|i 31a489d2-c79f-3214-b860-20258a927ac5
|t 0
|
| 952 |
f |
f |
|p ric
|a Texas A&M University
|b Rellis Campus
|c Joint Library Facility
|d Remote Storage
|t 0
|e DA670.G4 C5
|h Library of Congress classification
|i unmediated -- volume
|m A14800812624
|
| 998 |
f |
f |
|a DA670.G4 C5
|t 0
|l Remote Storage
|